Science Quiz

Random Science or Physics Quiz

'I' in Science Quiz Stats

 Plays Quiz Updated Mar 28, 2017

Support Sporcle.
Go Orange.
Score 0/20 Timer 05:00
3 Plays Today
Question Answer % Correct
What colored part of the eye controls the size of the pupil?Iris
97.5%
Type 1 diabetes is caused by low levels of what pancreas-produced hormone?Insulin
92.8%
What is the global system of interconnected computer networks called?Internet
89.5%
What term refers to an organism's natural resistance to infection or disease?Immunity
87.7%
Gabbro, basalt, and granite are examples of what classification of rocks?Igneous
82.2%
An atom or molecule with an unequal quantity of protons and electrons is called a what?Ion
76.7%
Organisms lacking a spinal column are referred to as what?Invertebrates
75.1%
The abbreviation 'IV' is short for what?Intravenous
75%
What are different forms of the same element (meaning different quantities of neutrons) called?Isotopes
71.7%
The deficiency of what element (#53) is the leading preventable cause of intellectual disabilities?Iodine
71.2%
Question Answer % Correct
What form of electromagnetic radiation has wavelengths just longer than that of the visible spectrum?Infrared
67.1%
Advil and Motrin are brand names of what non-steroidal, anti-inflammatory drug?Ibuprofen
66.4%
Sir Isaac Newton's first law of motion governs which inherent property of an object?Inertia
66.2%
What term refers to the period of time between being exposed to infection and exhibiting the first symptoms?Incubation
64.5%
What term describes a non-native species whose introduction to an area is likely to cause environmental harm?Invasive
50.2%
What term refers to an object that does not conduct electrical charge?Insulator
46.6%
What is the two-word term for the resulting depression in the surface of a planet caused by a high-velocity object?Impact Crater
41.9%
What term describes a compound of non-biologic origin?Inorganic
37.9%
What term refers to the production of a current across a conductor moving through a magnetic field?Induction
36.6%
Symbolized with a 'J', what measurement is equal to the change in an object's momentum?Impulse
17.4%

You're not logged in!

Compare scores with friends on all Sporcle quizzes.
OR
Log In
Forgot?

From the Vault

Movie by DVD Chapter Titles II

by sproutcm

We know you just skip ahead to the lobby chapter on your DVD of The Matrix. Don't worry, we do too.
Remove Ads.
Support Sporcle.
Get the best of Sporcle when you Go Orange. This ad-free experience offers more features, more stats, and more fun while also helping to support Sporcle. Thank you for becoming a member.

Show Comments

Extras

Top Quizzes Today


Score Distribution

Your Account Isn't Verified!

In order to create a playlist on Sporcle, you need to verify the email address you used during registration. Go to your Sporcle Settings to finish the process.

Report this User

Report this user for behavior that violates our Community Guidelines.

Details: